Constantino hace llover /

Constantino vive en un lugar donde no llueve casi nunca. Por eso, la tierra está seca y las personas, muy tristes. Preocupado, Constantino imagina cosas que puedan cambiar la situación. Muy ilusionado, las lleva a la práctica con sus amigos. Si no dan resultado, no se desaniman y prueban otra cosa....

Descripción completa

Guardado en:
Autor Principal: Machado, Ana María
Otros Autores: Alenda, Paula; il., Merlino, Mario; trad.
Formato: Libro
Publicado: Buenos Aires : Edelvives, 2013
Series:Ala Delta Rojo ; 8
Materias:
Etiquetas: Agregar Etiqueta
Sin Etiquetas, Sea el primero en etiquetar este registro!
LEADER 01414nam a22003015a 4500
001 CEM.cems015369
008 130507s2013##################000#0#####d
005 20231212183537.0
245 1 0 |a Constantino hace llover /  |c Ana María Machado ; ilustrado Por Paula Alenda ; traducido Por Mario Merlino 
260 |a Buenos Aires :  |b Edelvives,  |c 2013 
300 |a 40 p. 
490 0 |a Ala Delta Rojo ;  |v 8 
500 |a Título original: Severino faz chover 
500 |a A partir de 5 años. 
520 |a Constantino vive en un lugar donde no llueve casi nunca. Por eso, la tierra está seca y las personas, muy tristes. Preocupado, Constantino imagina cosas que puedan cambiar la situación. Muy ilusionado, las lleva a la práctica con sus amigos. Si no dan resultado, no se desaniman y prueban otra cosa. ¡Y finalmente, lo consiguen! 
020 |a 9789876422154 
100 1 |a Machado, Ana María 
700 1 |a Alenda, Paula; il. 
700 1 |a Merlino, Mario; trad. 
082 0 4 |a B869.34 
653 |a Literatura 
653 |a Literatura brasilera 
653 |a Literatura infantil 
653 |a Cuentos infantiles 
653 |a Colección ciencias de la educación 
859 |a CEMS  |b BIB. CEMS - Inicial y Primaria  |h B869.34  |i M180  |k IP  |p 3916  |t Ej.1 
859 |a CEMS  |b BIB. CEMS - Ccias. Educacion  |h B869.34  |i M180-4  |k CE  |p 28681.19  |t Ej.1 
859 |a CEMS  |b BIB. CEMS - Ccias. Educacion  |h B869.34  |i M180-4  |k CE  |p 28682.19  |t Ej.2